Statistics for Znamení Zvěrokruhu

Click here to take the quiz!

General Stats

  • This quiz has been taken 1 365 times
  • The average score is 11 of 12

Answer Stats

Odpověď% Correct
Panna
92%
Býk
91%
Lev
90%
Rak
90%
Váhy
90%
Beran
88%
Kozoroh
88%
Ryby
87%
Vodnář
87%
Blíženci
85%
Štír
85%
Střelec
84%

Score Distribution

Percentile by Number Answered

Percent of People with Each Score

Your Score History

You have not taken this quiz